| 000 | 00634nam a2200169 4500 | ||
|---|---|---|---|
| 001 | 132536 | ||
| 003 | ES-MaACL | ||
| 005 | 20250815063229.0 | ||
| 007 | t| | ||
| 008 | 070214s1906 sp r ||||1| spa d | ||
| 100 | 1 |
_aRomán y Retuerto, Emilio _999237 |
|
| 245 | 1 | 0 |
_aDesequilibrio mental contemporáneo y sus causas _b: discurso leído en la Universidad de Salamanca en la solemne apertura del curso académico de 1906 á 1907 / _cEmilio Román y Retuerto. |
| 260 |
_aSalamanca : _b[s.n.], _c1906 ( _fTip. de Almaráz y Cía.) |
||
| 300 |
_a74 p. ; _c30 cm. |
||
| 852 |
_aES-MaACL _jT-1181-F-1 |
||
| 999 |
_c132536 _d132536 |
||